<?xml version="1.0" encoding="UTF-8"?>
<record
    xmlns:xsi="http://www.w3.org/2001/XMLSchema-instance"
    xsi:schemaLocation="http://www.loc.gov/MARC21/slim http://www.loc.gov/standards/marcxml/schema/MARC21slim.xsd"
    xmlns="http://www.loc.gov/MARC21/slim">

  <leader>00617nam a22001817a 4500</leader>
  <controlfield tag="005">20260317141918.0</controlfield>
  <controlfield tag="008">260317b        |||||||| |||| 00| 0 eng d</controlfield>
  <datafield tag="020" ind1=" " ind2=" ">
    <subfield code="a">9781471407277</subfield>
  </datafield>
  <datafield tag="040" ind1=" " ind2=" ">
    <subfield code="c">VITAP</subfield>
  </datafield>
  <datafield tag="082" ind1=" " ind2=" ">
    <subfield code="2">23rd Ed.</subfield>
    <subfield code="a">813.6 BLA</subfield>
  </datafield>
  <datafield tag="100" ind1=" " ind2=" ">
    <subfield code="a">Black, Holly</subfield>
    <subfield code="9">17273</subfield>
  </datafield>
  <datafield tag="245" ind1=" " ind2=" ">
    <subfield code="a">The Cruel Prince</subfield>
    <subfield code="c">/ Holly Black</subfield>
  </datafield>
  <datafield tag="260" ind1=" " ind2=" ">
    <subfield code="a">London</subfield>
    <subfield code="b">Hot Key Books</subfield>
    <subfield code="c">2018</subfield>
  </datafield>
  <datafield tag="300" ind1=" " ind2=" ">
    <subfield code="a">370p. :  ill. ; 20cm</subfield>
  </datafield>
  <datafield tag="440" ind1=" " ind2=" ">
    <subfield code="a">The Folk of the Air Series</subfield>
    <subfield code="9">17275</subfield>
  </datafield>
  <datafield tag="650" ind1=" " ind2="0">
    <subfield code="a">Fairies -- Fiction; Sisters -- Fiction; Orphans -- Fiction; Princes -- Fiction; Courts and courtiers -- Fiction; Fantasy</subfield>
    <subfield code="2">      </subfield>
    <subfield code="9">17274</subfield>
  </datafield>
  <datafield tag="942" ind1=" " ind2=" ">
    <subfield code="2">ddc</subfield>
    <subfield code="c">REF</subfield>
  </datafield>
  <datafield tag="999" ind1=" " ind2=" ">
    <subfield code="c">47355</subfield>
    <subfield code="d">47355</subfield>
  </datafield>
  <datafield tag="952" ind1=" " ind2=" ">
    <subfield code="0">0</subfield>
    <subfield code="1">0</subfield>
    <subfield code="2">ddc</subfield>
    <subfield code="3">Paper Back</subfield>
    <subfield code="4">0</subfield>
    <subfield code="7">0</subfield>
    <subfield code="8">REF</subfield>
    <subfield code="a">VSB</subfield>
    <subfield code="b">VITAP</subfield>
    <subfield code="c">REF</subfield>
    <subfield code="d">2026-03-16</subfield>
    <subfield code="e">Donated by PRAGYA MITTAL (24BCE8020)</subfield>
    <subfield code="g">0.00</subfield>
    <subfield code="i">DB1</subfield>
    <subfield code="l">0</subfield>
    <subfield code="o">813.6 BLA</subfield>
    <subfield code="p">025669</subfield>
    <subfield code="r">2026-03-17 14:23:04</subfield>
    <subfield code="v">0.00</subfield>
    <subfield code="w">2026-03-16</subfield>
    <subfield code="y">REF</subfield>
    <subfield code="z">GEN</subfield>
  </datafield>
</record>
